US State Capitals with just enough Letters: 1 Minute Sprint - Statistics

General Stats
  • This quiz has been taken 2,068 times
  • The average score is 25 of 50
Answer Stats
State Capital % Correct
Nashville
81%
SACramento
76%
ALbany
68%
AUStin
68%
TAllahassee
65%
OLympia
62%
DENver
60%
JUneau
59%
SALEm
59%
AUGusta
57%
BOSton
57%
HOnolulu
57%
ATlanta
56%
BOIse
56%
BAton rouge
54%
Frankfort
54%
ANnapolis
53%
JAckson
53%
BIsmarck
52%
CArson city
52%
Indianapolis
51%
DOver
50%
PHoenix
50%
COLUMBIa
49%
JEfferson city
49%
LAnsing
48%
MONTGomery
48%
HElena
47%
SANta fe
47%
COLUMBUs
46%
DES moines
46%
PIerre
46%
RAleigh
46%
CHArleston
45%
CHEyenne
44%
HARTford
44%
OKlahoma city
44%
TOpeka
44%
SALT lake city
43%
HARRisburg
42%
MONTPelier
42%
LINcoln
41%
MAdison
41%
RIchmond
41%
LITtle rock
40%
SPringfield
40%
TRenton
39%
SAInt paul
37%
CONcord
36%
PRovidence
36%
No matching quizzes found
Score Distribution
Percent of People with Each Score
Percentile by Number Answered
Your Score History
You have not taken this quiz